Toutes les communes du Gard sur une carte - Statistiques

Statistiques générales
  • Ce quiz a été pris 1 178 fois
  • Le résultat moyen est 67 sur 351
Réponses sur la Carte
Les réponses sont colorées sur une échelle allant du rouge au vert en fonction du pourcentage des utilisateurs qui les ont devinées à leur premier essai. Vous pouvez retrouver ces pourcentages ci-dessous.
 
Statistiques - réponses
Population Commune % Correct
148 561 Nîmes
98%
41 837 Alès
89%
8 387 Uzès
76%
8 419 Le Grau-du-Roi
71%
8 560 Aigues-Mortes
66%
3 772 Le Vigan
63%
15 906 Beaucaire
62%
18 091 Bagnols-sur-Cèze
61%
13 931 Saint-Gilles
55%
11 492 Vauvert
52%
170 Saint-Jean-de-Ceyrargues
51%
241 Saint-Jean-de-Crieulon
51%
852 Saint-Jean-de-Maruéjols-et-Avéjan
51%
524 Saint-Jean-de-Serres
51%
626 Saint-Jean-de-Valériscle
51%
2 437 Saint-Jean-du-Gard
51%
1 517 Saint-Jean-du-Pin
51%
5 050 Sommières
51%
8 656 Marguerittes
48%
12 216 Villeneuve-lès-Avignon
48%
10 369 Pont-Saint-Esprit
46%
3 327 Anduze
45%
3 536 Saint-Laurent-d'Aigouze
45%
500 Saint-Laurent-de-Carnols
45%
3 000 Saint-Laurent-des-Arbres
45%
658 Saint-Laurent-la-Vernède
45%
360 Saint-Laurent-le-Minier
45%
5 308 Vergèze
41%
2 259 Remoulins
40%
5 721 Milhaud
38%
5 717 Aimargues
37%
3 338 Aigues-Vives
36%
4 150 Caissargues
35%
728 Durfort-et-Saint-Martin-de-Sossenac
35%
162 Saint-Christol-de-Rodières
35%
7 055 Saint-Christol-lez-Alès
35%
7 353 Bellegarde
34%
6 272 Bouillargues
34%
2 363 La Calmette
34%
4 998 La Grand-Combe
34%
3 299 Quissac
34%
4 497 Saint-Martin-de-Valgalgues
34%
291 Saint-Paul-la-Coste
34%
1 029 Saint-Paul-les-Fonts
34%
1 794 Vers-Pont-du-Gard
34%
5 898 Calvisson
33%
4 940 Garons
32%
6 943 Manduel
32%
4 424 Uchaud
32%
1 431 Mus
31%
4 131 Poulx
31%
4 097 Redessan
31%
8 476 Les Angles
30%
4 308 Caveirac
29%
4 503 Saint-Hilaire-de-Brethmas
29%
1 080 Saint-Hilaire-d'Ozilhan
29%
233 Saint-Hippolyte-de-Caton
29%
255 Saint-Hippolyte-de-Montaigu
29%
3 804 Saint-Hippolyte-du-Fort
29%
2 796 Fourques
28%
3 632 Gallargues-le-Montueux
28%
4 071 Générac
28%
7 629 Rochefort-du-Gard
28%
599 Saint-André-de-Majencoules
28%
589 Saint-André-de-Roquepertuis
28%
364 Saint-André-de-Valborgne
28%
435 Saint-André-d'Olérargues
28%
1 997 Saint-Geniès-de-Comolas
28%
3 052 Saint-Geniès-de-Malgoirès
28%
721 Saint-Julien-de-Cassagnas
28%
143 Saint-Julien-de-la-Nef
28%
1 442 Saint-Julien-de-Peyrolas
28%
3 401 Saint-Julien-les-Rosiers
28%
3 064 Saint-Quentin-la-Poterie
28%
1 816 Vézénobres
28%
1 620 Barjac
27%
2 418 Codognan
27%
1 903 Sauve
27%
2 418 Le Cailar
26%
3 351 Saint-Ambroix
26%
4 219 Aramon
25%
5 104 Beauvoisin
25%
3 421 Bernis
25%
2 835 Bessèges
25%
716 Méjannes-le-Clap
25%
1 195 Méjannes-lès-Alès
25%
2 851 Rodilhan
25%
5 545 Roquemaure
25%
4 209 Clarensac
24%
826 Génolhac
24%
405 Saint-Étienne-de-l'Olm
24%
548 Saint-Étienne-des-Sorts
24%
328 Bez-et-Esparon
23%
3 850 Jonquières-Saint-Vincent
23%
6 331 Laudun-l'Ardoise
23%
1 722 Sainte-Anastasie
23%
3 571 Salindres
23%
1 065 Collias
22%
1 593 Fons
22%
237 Fons-sur-Lussan
22%
349 Saint-Privat-de-Champclos
22%
5 275 Saint-Privat-des-Vieux
22%
543 Dions
21%
2 222 Langlade
21%
1 481 Lédignan
21%
1 725 Mons
20%
3 163 Montfrin
20%
4 251 Rousson
20%
1 915 Saint-Chaptes
20%
1 652 Saint-Mamert-du-Gard
20%
839 Saint-Victor-de-Malcap
20%
310 Saint-Victor-des-Oules
20%
2 135 Saint-Victor-la-Coste
20%
2 029 Tavel
20%
1 415 Val-d'Aigoual
20%
2 895 Aubais
19%
2 363 Aubord
19%
2 304 Bezouce
19%
2 552 Boisset-et-Gaujac
19%
503 Lussan
19%
861 Saint-Marcel-de-Careiret
19%
1 388 Vallabrègues
19%
2 556 Bagard
18%
787 Brignon
18%
876 Chamborigaud
18%
1 756 Comps
18%
1 620 Lédenon
18%
1 523 Moussac
18%
804 Saint-Côme-et-Maruéjols
18%
754 Saint-Maurice-de-Cazevieille
18%
671 Brouzet-lès-Alès
17%
301 Brouzet-lès-Quissac
17%
1 692 Connaux
17%
1 133 Laval-Pradel
17%
213 Laval-Saint-Roman
17%
288 Saint-Denis
17%
657 Saint-Michel-d'Euzet
17%
981 Boucoiran-et-Nozières
16%
643 Bréau-Mars
16%
1 667 Congénies
16%
743 Domessargues
16%
466 Euzet
16%
1 106 Goudargues
16%
1 106 Lasalle
16%
1 512 Lézan
16%
2 503 Meynes
16%
710 Ners
16%
117 Saint-Bonnet-de-Salendrinque
16%
853 Saint-Bonnet-du-Gard
16%
1 262 Saint-Nazaire
16%
86 Saint-Nazaire-des-Gardies
16%
224 Saint-Sauveur-Camprieu
16%
2 061 Sauveterre
16%
1 379 Vestric-et-Candiac
16%
1 791 Villevieille
16%
953 Allègre-les-Fumades
15%
1 698 Cabrières
15%
1 715 Cendras
15%
964 Chusclan
15%
694 Générargues
15%
179 La Roque-sur-Cèze
15%
2 044 Les Mages
15%
927 Lirac
15%
1 921 Nages-et-Solorgues
15%
3 921 Pujaut
15%
594 Sainte-Cécile-d'Andorge
15%
1 999 Saint-Gervasy
15%
315 Saint-Just-et-Vacquières
15%
2 119 Saze
15%
1 765 Sernhac
15%
854 Cavillargues
14%
1 084 Gagnières
14%
1 079 Gaujac
14%
1 129 Junas
14%
2 600 Les Salles-du-Gardon
14%
305 Navacelles
14%
334 Portes
14%
1 070 Saint-Dionisy
14%
1 169 Saint-Florent-sur-Auzonnet
14%
1 388 Sumène
14%
1 806 Tresques
14%
142 Vallérargues
14%
1 022 Arpaillargues-et-Aureillac
13%
175 Bouquet
13%
533 Cannes-et-Clairan
13%
900 Cardet
13%
1 672 Castillon-du-Gard
13%
651 Deaux
13%
705 Gajan
13%
350 Lanuéjols
13%
261 Maruéjols-lès-Gardon
13%
619 Mialet
13%
1 367 Montpezat
13%
694 Parignargues
13%
2 113 Ribaute-les-Tavernes
13%
770 Saint-Maximin
13%
1 097 Saint-Siffret
13%
758 Sauzet
13%
1 039 Théziers
13%
546 Vic-le-Fesq
13%
777 Aigremont
12%
215 Aiguèze
12%
172 Alzon
12%
179 Aujac
12%
1 237 Blauzac
12%
581 Boissières
12%
465 Castelnau-Valence
12%
635 Combas
12%
262 Concoules
12%
939 Domazan
12%
601 Estézargues
12%
685 Fontanès
12%
1 077 Fournès
12%
259 Les Plantiers
12%
924 Molières-Cavaillac
12%
1 219 Molières-sur-Cèze
12%
200 Montagnac
12%
194 Montclus
12%
1 628 Sabran
12%
656 Saint-Bauzély
12%
651 Saint-Brès
12%
159 Seynes
12%
877 Souvignargues
12%
1 270 Vénéjan
12%
787 Aujargues
11%
618 Codolet
11%
139 Dourbies
11%
741 Le Martinet
11%
273 Les Plans
11%
157 L'Estréchure
11%
1 403 Montaren-et-Saint-Médiers
11%
1 521 Montfaucon
11%
578 Montignargues
11%
665 Moulézan
11%
957 Pompignan
11%
1 242 Saint-Alexandre
11%
386 Saint-Césaire-de-Gauzignan
11%
538 Saint-Théodorit
11%
774 Sanilhac-Sagriès
11%
281 Saumane
11%
438 Thoiras
11%
374 Bourdic
10%
1 338 Branoux-les-Taillades
10%
466 Canaules-et-Argentières
10%
395 Cassagnoles
10%
587 Corconne
10%
279 Courry
10%
435 Crespian
10%
700 Cruviers-Lascours
10%
438 Foissac
10%
731 Garrigues-Sainte-Eulalie
10%
607 La Rouvière
10%
125 Malons-et-Elze
10%
667 Massillargues-Attuech
10%
758 Monoblet
10%
1 186 Orsan
10%
733 Pouzilhac
10%
823 Robiac-Rochessadoule
10%
359 Saint-Clément
10%
227 Saint-Félix-de-Pallières
10%
761 Saint-Gervais
10%
1 830 Saint-Paulet-de-Caisson
10%
454 Saint-Pons-la-Calm
10%
503 Saint-Sébastien-d'Aigrefeuille
10%
935 Tornac
10%
591 Valliguières
10%
518 Aigaliers
9%
456 Argilliers
9%
152 Arphy
9%
321 Aubussargues
9%
230 Aumessas
9%
1 075 Avèze
9%
368 Baron
9%
90 Bonnevaux
9%
390 Bordezac
9%
122 Campestre-et-Luc
9%
24 Causse-Bégon
9%
261 Chambon
9%
146 Corbès
9%
200 La Bastide-d'Engras
9%
412 La Capelle-et-Masmolène
9%
462 Lecques
9%
454 Le Pin
9%
264 Logrian-Florian
9%
201 Massanes
9%
170 Mauressargues
9%
794 Meyrannes
9%
458 Montmirat
9%
369 Ponteils-et-Brésis
9%
391 Rivières
9%
257 Rochegude
9%
462 Saint-Dézéry
9%
109 Sainte-Croix-de-Caderle
9%
235 Savignargues
9%
241 Sénéchas
9%
208 Servas
9%
56 Tharaux
9%
113 Trèves
9%
422 Vallabrix
9%
604 Verfeuil
9%
288 Arre
8%
514 Aspères
8%
456 Aulas
8%
239 Belvézet
8%
129 Blandas
8%
170 Bragassargues
8%
504 Carnas
8%
750 Carsan
8%
634 Collorgues
8%
228 Colognac
8%
95 Conqueyrac
8%
949 Cornillon
8%
379 Flaux
8%
343 La Vernarède
8%
214 Le Garn
8%
432 Martignargues
8%
195 Montdardier
8%
656 Monteils
8%
429 Orthoux-Sérignac-Quilhan
8%
280 Peyremale
8%
363 Potelières
8%
249 Pougnadoresse
8%
183 Saint-Martial
8%
151 Saint-Roman-de-Codières
8%
337 Sardan
8%
618 Serviers-et-Labaume
8%
122 Soustelle
8%
67 Vissec
8%
210 Arrigas
7%
241 Cros
7%
252 Fontarèches
7%
212 La Cadière-et-Cambo
7%
137 Lamelouze
7%
323 Liouc
7%
399 Mandagout
7%
34 Peyrolles
7%
55 Pommiers
7%
20 Revens
7%
284 Saint-Bénézet
7%
554 Salinelles
7%
267 Soudorgues
7%
157 Fressac
6%
250 Gailhan
6%
309 Issirac
6%
331 La Bruguière
6%
45 Puechredon
6%
106 Rogues
6%
260 Roquedur
6%
62 Saint-Bresson
6%
189 Salazac
6%
134 Vabres
6%
Aucun quiz correspondant
Distribution des résultats
% des personnes avec chaque résultat
Percentile par nombre de réponses
Votre historique - résultats
Vous n’avez pas pris ce quiz